Les mots grecs groupés d'aprés la forme et le sens / (Record no. 106841)

MARC details
000 -LEADER
campo de control de longitud fija 00654nam a2200217 i 4500
001 - NÚMERO DE CONTROL
campo de control 106841
003 - IDENTIFICADOR DE NÚMERO DE CONTROL
campo de control ES-MaACL
005 - FECHA Y HORA DE LA ÚLTIMA TRANSACCIÓN
campo de control 20230906184303.0
007 - CAMPO FIJO DE DESCRIPCIÓN FÍSICA--INFORMACIÓN GENERAL
campo de control de longitud fija t|
008 - DATOS DE LONGITUD FIJA--INFORMACIÓN GENERAL
campo de control de longitud fija 070104s1925 fr ||||1| fre d
080 ## - NÚMERO DE LA CLASIFICACIÓN DECIMAL UNIVERSAL
Número de la Clasificación Decimal Universal 811.14(075.8)
100 1# - ENTRADA PRINCIPAL--NOMBRE DE PERSONA
Nombre de persona Bréal, Michel.
9 (RLIN) 31536
245 14 - MENCIÓN DEL TÍTULO
Título Les mots grecs groupés d'aprés la forme et le sens /
Mención de responsabilidad, etc. par Michel Bréal et Anatole Bailly.
250 ## - MENCION DE EDICION
Mención de edición 20em. ed.
260 ## - PUBLICACIÓN, DISTRIBUCIÓN, ETC.
Lugar de publicación, distribución, etc. Paris :
Nombre del editor, distribuidor, etc. Hachette,
Fecha de publicación, distribución, etc. [1925]
300 ## - DESCRIPCIÓN FÍSICA
Extensión 96 p. ;
Dimensiones 18 cm.
500 ## - NOTA GENERAL
Nota general Biblioteca Jacinto Martínez Lacalle.
650 #4 - PUNTO DE ACCESO ADICIONAL DE MATERIA--TÉRMINO DE MATERIA
Término de materia o nombre geográfico como elemento de entrada Lengua griega.
9 (RLIN) 14240
700 1# - ENTRADA AGREGADA--NOMBRE PERSONAL
Nombre de persona Bailly, Anatole.
9 (RLIN) 24712
852 ## - LOCALIZACIÓN
Ubicación ES-MaACL
Número de control de estantería E-11489
Sublocalización o colección R.139531
Holdings
Estatus retirado Estado de pérdida Estado de daño No para préstamo Biblioteca de origen Biblioteca actual Ubicación en estantería Fecha de adquisición Fuente de adquisición Total de préstamos Signatura topográfica completa Código de barras Visto por última vez Precio de reemplazo Tipo de ítem Koha
        Biblioteca del Ateneo de Madrid Biblioteca del Ateneo de Madrid Depósito 2 17/01/2008     E-11489 1111522 23/02/2023 23/02/2023 Libro impreso